000 00587nam a22002057a 4500
003 KOHA_MİRAKIL
005 20260325134822.0
008 260325b tu ||||| |||| 00| 0 tur d
020 _a9789756063130
040 _aTR-AnABB
_btur
_cTR-AnABB
041 _atur
082 _a791.43658
_bSCO 2006
100 1 _aScognamillo, Giovanni
245 1 0 _aBatı sinemasında Türkiye ve Türkler /
_cGiovanni Scognamillo
260 _aİstanbul :
_b+1 Kitap,
_c2006
300 _a244 sayfa ;
_c20 cm
650 0 4 _aSinema
650 0 4 _aSinema, Türkler
942 _2ddc
_cBK
999 _c10053
_d10053
900 _bCan ÇELIK